000 01094nam a22001937a 4500
003 JO-AjAnu
005 20240420083055.0
008 240417b jo ||||| |||| 00| 0 ara d
040 _aJO-AjAnu
_cANU
041 1 _hara
100 _aزريقات، سمر سمير
_eمعد
_965334
245 0 _aأثر الحوكمة الإلكترونية على الأداء المالي للشركات الصناعية المدرجة في بورصة عمان نظام تخطيط موارد المشروع متغير معدل = The Impact of E-Governance on the Financial Performance of Industrial Companies Listed on the Amman Stock Exchange The Enterprise Resourse Planning System is a Modified Variable /
_cاعداد سمر سمير زريقات ؛ اشراف علي عبد الله الزعبي
260 _c2022
300 _a94 ورقة
500 _aرسالة جامعية (ماجستير) تخصص المحاسبة / جامعة عجلون الوطنية، 2022
650 7 _vحوكمة الشركات
700 0 _aعلي عبدالله الزعبي
_eمشرف
_965384
942 _2lcc
_cTHS
_n0
999 _c33462
_d33462